000 00478nam a2200181Ia 4500
003 LK-CoDNM
008 010623t2010 xxu||||| |||| 00| 1 sin d
040 _aLK-CoDNM
_dLK-CoDNM
_eLK-CoDNM
041 _asin
080 _a37
_bSOM
100 _aSomawansa Himi,Badagiriye
245 _aවැඩෙන මනසට අහරක්
246 _aWadena Manasata Aharak
260 _bKathru
_c2010
300 _b91, Iill, 30 cm
700 _aWikramasekara,Upali
942 _cBK
999 _c130307
_d130307